000 00510nam a2200181Ia 4500
005 20250326123434.0
008 250326s9999 xx 000 0 und d
037 _aTextbook
040 _aFMSL
_beng
_cFMSL
041 _aeng
_2eng
084 _aX:89ZB P2
_qFMSL
100 _aHultman K
_9735145
245 0 _aBalancing individual and organizational values
_cHultman K
260 _aCanada
_bCanada, Jossey-Bass
_c2002
300 _a241p
942 _cTB
_hX:89ZB P2
999 _c1269368
_d1269368